World Cities by Letter H - Picture Quiz - Statistics

General Stats
  • This quiz has been taken 169 times
  • The average score is 7 of 18
Answer Stats
Picture Answer % Correct
Hong Kong
89%
Havana
85%
Hanoi
59%
Honolulu
51%
Hamburg
49%
Harare
43%
Houston
43%
Hiroshima
37%
Hyderabad (India)
37%
Ho Chi Minh City
34%
Harbin
27%
Haifa
25%
Hyderabad (Pakistan)
23%
The Hague
18%
Hangzhou
17%
Hastings
8%
Hobart
8%
Herceg Novi
2%
No matching quizzes found
Score Distribution
Percent of People with Each Score
Percentile by Number Answered
Your Score History
You have not taken this quiz